000 00460nam a2200205Ia 4500
003 0100
008 130307s9999 xx 000 0 und d
040 _cARRUPELIB
050 _aBJ1249.V6 1953
100 _aVon Hildebrand, Dietrich
245 _aEthics
260 _aChicago
260 _bFranciscan Herald Press
260 _c1953
300 _ax
300 _b470p. 23cm.
650 _aETHICS
650 _bApologetics--Early works
942 0 0 _02
999 _c96261
_d96261